[Event "Damhusmesterskabet Gruppe B 2010"]
[Site "Rodovre"]
[Date "2010.09.07"]
[Round "1"]
[White "Bauers, Sten"]
[Black "Wisal, Zoran"]
[Result "1-0"]
[WhiteElo "1499"]
[BlackElo "1404"]
[PlyCount "65"]
[EventDate "2010.??.??"]

1. e4 Nc6 2. f4 d6 3. Nf3 Nf6 4. e5 dxe5 5. fxe5 Nd5 6. d4 e6 7. a3 a6 8. c4
Nb6 9. Nc3 Ne7 10. Bg5 Qd7 11. b3 h6 12. Bh4 Ng6 13. Bf2 c6 14. d5 Qd8 15. d6
Nd7 16. Qd4 c5 17. Qe4 Qa5 18. Qe3 Rb8 19. Be2 b5 20. O-O b4 21. axb4 Qxb4 22.
Rfb1 Bb7 23. Be1 Qb6 24. Na4 Qc6 25. Bg3 Rd8 26. Bd3 Ndxe5 27. Bxe5 Nxe5 28.
Qxe5 Bxd6 29. Qxg7 Rf8 30. Re1 Bf4 31. Be4 Qc7 32. Bxb7 Qxb7 33. Rxe6+ 1-0

[Event "Damhusmesterskabet Gruppe B 2010"]
[Site "Rodovre"]
[Date "2010.09.07"]
[Round "1"]
[White "Henriksen, Franz"]
[Black "Rohder, Bjarne"]
[Result "0-1"]
[WhiteElo "1463"]
[BlackElo "1496"]
[PlyCount "54"]
[EventDate "2010.??.??"]

1. f4 d5 2. Nf3 Bf5 3. b3 e6 4. Bb2 Nc6 5. e3 Nb4 6. d3 Nf6 7. Be2 Bc5 8. a3
Nc6 9. d4 Be7 10. O-O Ng4 11. Qd2 Be4 12. Ng5 Nf6 13. Nc3 Bf5 14. h3 h6 15. Nf3
a6 16. Nd1 Ne4 17. Qe1 g5 18. fxg5 hxg5 19. Nh2 Qd6 20. Rf3 g4 21. Rf4 Bh4 22.
Qf1 Nd2 23. Rxf5 Nxf1 24. Rxf1 gxh3 25. gxh3 Qg3+ 26. Kh1 Qxh3 27. Rf3 Bg3 0-1

[Event "Damhusmesterskabet Gruppe B 2010"]
[Site "Rodovre"]
[Date "2010.09.07"]
[Round "1"]
[White "Nielsen, Niels Holger"]
[Black "Sorensen, Poul Busk"]
[Result "0-1"]
[WhiteElo "1456"]
[BlackElo "1417"]
[PlyCount "56"]
[EventDate "2010.??.??"]

1. e4 d6 2. d4 g6 3. Nf3 Bg7 4. Be2 Nd7 5. c4 c5 6. d5 Ne5 7. Nfd2 Nf6 8. f4
Neg4 9. Nf3 Nxe4 10. O-O O-O 11. a4 e5 12. fxe5 Nxe5 13. Nbd2 Nxd2 14. Qxd2
Nxf3+ 15. Bxf3 Bf5 16. Ra3 Qh4 17. g3 Qxc4 18. Bg2 Qd4+ 19. Qxd4 Bxd4+ 20. Kh1
Rae8 21. Rb3 b6 22. Bh6 Bg7 23. Bxg7 Kxg7 24. Rbf3 Be4 25. R3f2 Bxg2+ 26. Kxg2
Re4 27. Rf4 Rxf4 28. Rxf4 Re8 0-1

[Event "Damhusmesterskabet Gruppe B 2010"]
[Site "Rodovre"]
[Date "2010.09.07"]
[Round "1"]
[White "Tutundjan, Hovhannes"]
[Black "Lergren, Ole"]
[Result "1/2-1/2"]
[WhiteElo "1543"]
[BlackElo "1547"]
[PlyCount "105"]
[EventDate "2010.??.??"]

1. d4 e6 2. c4 c5 3. d5 Nf6 4. f3 d6 5. e4 Nbd7 6. Nc3 a6 7. a3 g6 8. Bg5 Bg7
9. Bd3 Ne5 10. Be2 exd5 11. Nxd5 Qa5+ 12. Kf2 Nxd5 13. Qxd5 Qb6 14. Rd1 f6 15.
Be3 Ke7 16. h3 Be6 17. Qd2 Bxc4 18. b4 Rhd8 19. f4 Bxe2 20. Qxe2 Nd7 21. Qd3
Qc6 22. Ne2 c4 23. Qc2 b5 24. Nc3 Kf7 25. g4 Nb6 26. f5 d5 27. Bxb6 Qxb6+ 28.
Kg2 d4 29. Nd5 Rxd5 30. exd5 d3 31. Qf2 Qd6 32. fxg6+ hxg6 33. Qf3 Rd8 34. Rhe1
Qxd5 35. Qxd5+ Rxd5 36. Kf3 d2 37. Re3 f5 38. gxf5 gxf5 39. Ke2 c3 40. Rd3 Ke6
41. Rxd5 Kxd5 42. Kd3 Ke6 43. Kc2 f4 44. Rg1 Bf6 45. h4 Kf5 46. h5 f3 47. h6
Ke4 48. h7 f2 49. Rh1 Ke3 50. Kd1 c2+ 51. Kxc2 Ke2 52. Rd1 Ke3 53. Rh1 1/2-1/2

[Event "Damhusmesterskabet Gruppe B 2010"]
[Site "Rodovre"]
[Date "2010.09.14"]
[Round "2"]
[White "Henriksen, Franz"]
[Black "Nielsen, Niels Holger"]
[Result "1-0"]
[WhiteElo "1463"]
[BlackElo "1456"]
[PlyCount "43"]
[EventDate "2010.??.??"]

1. b3 e5 2. Bb2 Nc6 3. d3 Nf6 4. Nf3 d6 5. Nbd2 Be7 6. e3 O-O 7. Be2 Ng4 8. O-O
f5 9. h3 Nh6 10. Kh2 a6 11. Ng1 b5 12. f4 exf4 13. exf4 g5 14. Bf3 Bd7 15. Bd5+
Nf7 16. Qh5 Bf6 17. Bxf6 Qxf6 18. fxg5 Qe5+ 19. Kh1 Qxd5 20. g6 hxg6 21. Qxg6+
Kh8 22. Rf4 1-0

[Event "Damhusmesterskabet Gruppe B 2010"]
[Site "Rodovre"]
[Date "2010.09.14"]
[Round "2"]
[White "Rohder, Bjarne"]
[Black "Wisal, Zoran"]
[Result "1-0"]
[WhiteElo "1496"]
[BlackElo "1404"]
[PlyCount "90"]
[EventDate "2010.??.??"]

1. d4 d5 2. c4 dxc4 3. e4 e6 4. Bxc4 b6 5. Nf3 Bb7 6. Nc3 Nf6 7. d5 exd5 8.
exd5 Bd6 9. Qe2+ Qe7 10. Qxe7+ Bxe7 11. Bf4 Bd8 12. O-O-O O-O 13. Rhe1 Ne8 14.
Bb5 Nd6 15. Bd3 Nd7 16. Bxd6 cxd6 17. Nb5 Bxd5 18. Bxh7+ Kxh7 19. Rxd5 Nc5 20.
Nxd6 Bf6 21. Ne4 Nxe4 22. Rxe4 Rac8+ 23. Kb1 Rc6 24. Re1 Rfc8 25. Rd2 a5 26. a3
Rc5 27. Ree2 Rc1+ 28. Ka2 b5 29. Rd5 b4 30. a4 Rb8 31. Kb3 Rd8 32. Rxd8 Bxd8
33. Ne5 f6 34. Nc4 Rd1 35. Rd2 Rxd2 36. Nxd2 Bc7 37. Nc4 g5 38. h3 Kg6 39. Kc2
Kf5 40. Kd3 Ke6 41. Ke4 Bd8 42. g4 Bc7 43. b3 Bd8 44. f3 Bc7 45. Ne3 -- 1-0

[Event "Damhusmesterskabet Gruppe B 2010"]
[Site "Rodovre"]
[Date "2010.09.14"]
[Round "2"]
[White "Sorensen, Poul Busk"]
[Black "Tutundjan, Hovhannes"]
[Result "1-0"]
[WhiteElo "1417"]
[BlackElo "1543"]
[PlyCount "83"]
[EventDate "2010.??.??"]

1. Nf3 d5 2. g3 c6 3. Bg2 Nd7 4. d4 Ngf6 5. O-O e6 6. Bf4 Nh5 7. Bg5 Be7 8.
Bxe7 Qxe7 9. e3 Nhf6 10. Nbd2 b5 11. Re1 Bb7 12. c3 a5 13. Rc1 O-O 14. e4 dxe4
15. Nxe4 Rfd8 16. Qc2 Nxe4 17. Qxe4 Rab8 18. Qc2 Qf6 19. Ne5 Nxe5 20. Rxe5 g6
21. Rce1 Rdc8 22. Rc5 Rc7 23. Ree5 Ba8 24. h4 Qe7 25. Qe2 Re8 26. Bh3 Bb7 27.
h5 Qf8 28. hxg6 hxg6 29. Qe3 Kh7 30. Rh5+ Kg8 31. Qe5 gxh5 32. Qxc7 Re7 33.
Rg5+ Kh7 34. Qe5 f5 35. Rxh5+ Kg6 36. Rh4 Qf6 37. Qe2 Qg5 38. Kh2 Bc8 39. f4
Qf6 40. Qh5+ Kg7 41. Qh8+ Kf7 42. Rh7+ 1-0

[Event "Damhusmesterskabet Gruppe B 2010"]
[Site "Rodovre"]
[Date "2010.10.19"]
[Round "2"]
[White "Lergren, Ole"]
[Black "Bauers, Sten"]
[Result "1-0"]
[WhiteElo "1547"]
[BlackElo "1499"]
[PlyCount "65"]
[EventDate "2010.??.??"]

1. d4 Nf6 2. f4 d5 3. Nf3 Nc6 4. e3 Bf5 5. a3 a6 6. c4 e6 7. Nc3 Be7 8. Ne5
Nxe5 9. dxe5 Ne4 10. cxd5 exd5 11. Be2 Bh4+ 12. g3 Bh3 13. Nxe4 Bg2 14. Nf2
Bxh1 15. Nxh1 Be7 16. Bf3 c6 17. b4 O-O 18. Bb2 Qb6 19. Bd4 Qc7 20. Rc1 Rfd8
21. Nf2 b6 22. Bb2 Qb7 23. Qb3 Rac8 24. Ng4 Qa7 25. Qc3 h5 26. e6 f6 27. Nf2 c5
28. Bxh5 d4 29. Bf7+ Kf8 30. exd4 Qb7 31. Qd3 Qd5 32. Qh7 Bd6 33. e7+ 1-0

[Event "Damhusmesterskabet Gruppe B 2010"]
[Site "Rodovre"]
[Date "2010.09.21"]
[Round "3"]
[White "Bauers, Sten"]
[Black "Sorensen, Poul Busk"]
[Result "1-0"]
[WhiteElo "1499"]
[BlackElo "1417"]
[PlyCount "75"]
[EventDate "2010.??.??"]

1. e4 d6 2. f4 g6 3. Nf3 Bg7 4. d4 Nf6 5. e5 Ng4 6. h3 Nh6 7. Bc4 d5 8. Bb3 b6
9. Be3 Nf5 10. Bf2 e6 11. Nc3 Ba6 12. Ba4+ c6 13. a3 b5 14. Bb3 Nd7 15. Ne2
Qa5+ 16. c3 Rc8 17. O-O O-O 18. g4 Nh6 19. Bh4 Kh8 20. Be7 Rfe8 21. Bd6 f5 22.
exf6 Bf8 23. Be5 Nf7 24. Qe1 Qd8 25. Qh4 Ndxe5 26. fxe5 Bh6 27. g5 Bf8 28. Bc2
Kg8 29. Nf4 Qd7 30. Nxg6 hxg6 31. Bxg6 Nh8 32. f7+ Qxf7 33. Bxf7+ Nxf7 34. g6
Nh6 35. Ng5 b4 36. Rxf8+ Rxf8 37. Qxh6 Rc7 38. Nxe6 1-0

[Event "Damhusmesterskabet Gruppe B 2010"]
[Site "Rodovre"]
[Date "2010.09.21"]
[Round "3"]
[White "Nielsen, Niels Holger"]
[Black "Rohder, Bjarne"]
[Result "1/2-1/2"]
[WhiteElo "1456"]
[BlackElo "1496"]
[PlyCount "68"]
[EventDate "2010.??.??"]

1. e4 e5 2. Nf3 Nc6 3. Bb5 d6 4. O-O Bg4 5. c3 Nf6 6. Re1 Be7 7. h3 Bd7 8. d4
a6 9. Ba4 b5 10. Bb3 O-O 11. Bg5 Na5 12. Bc2 exd4 13. cxd4 Ne8 14. Bxe7 Qxe7
15. Nbd2 Nc4 16. Nxc4 bxc4 17. Qe2 Bb5 18. a4 Bd7 19. Qxc4 c6 20. e5 d5 21. Qd3
g6 22. g4 Ng7 23. Qe3 f5 24. gxf5 Bxf5 25. Bxf5 Rxf5 26. Rac1 Raf8 27. Nd2 Rg5+
28. Kh2 Nf5 29. Qd3 Nh4 30. f3 Rg2+ 31. Kh1 Qe6 32. f4 Rxf4 33. Re3 Rgf2 34.
Rf1 Rxf1+ 1/2-1/2

[Event "Damhusmesterskabet Gruppe B 2010"]
[Site "Rodovre"]
[Date "2010.09.21"]
[Round "3"]
[White "Tutundjan, Hovhannes"]
[Black "Henriksen, Franz"]
[Result "0-1"]
[WhiteElo "1543"]
[BlackElo "1463"]
[PlyCount "72"]
[EventDate "2010.??.??"]

1. d4 g6 2. e4 Bg7 3. Nf3 e6 4. Nc3 Ne7 5. Bc4 O-O 6. Bg5 Nbc6 7. a3 a6 8. O-O
b5 9. Ba2 Bb7 10. Re1 h6 11. Bh4 g5 12. Bg3 Ng6 13. h3 f5 14. d5 f4 15. Bh2
exd5 16. exd5 Na5 17. Qd3 Kh7 18. b4 Nc4 19. Bxc4 bxc4 20. Qxc4 d6 21. Rad1 Rc8
22. Qd3 Qd7 23. Re6 Qf7 24. Ne2 Rg8 25. c4 Rce8 26. Ned4 Bc8 27. Ree1 Kh8 28.
Nd2 Ne5 29. Qc2 Qh5 30. Nf1 Bxh3 31. gxh3 Qxh3 32. Qb3 f3 33. Nxf3 Nxf3+ 34.
Kh1 Rxe1 35. Rxe1 Be5 36. Rxe5 Qxf1+ 0-1

[Event "Damhusmesterskabet Gruppe B 2010"]
[Site "Rodovre"]
[Date "2010.09.28"]
[Round "4"]
[White "Sorensen, Poul Busk"]
[Black "Wisal, Zoran"]
[Result "1/2-1/2"]
[WhiteElo "1417"]
[BlackElo "1404"]
[PlyCount "50"]
[EventDate "2010.??.??"]

1. Nf3 b6 2. g3 Bb7 3. Bg2 Nf6 4. d4 e6 5. a3 Be7 6. O-O d6 7. Nbd2 O-O 8. b3
Nd5 9. Bb2 c6 10. c4 Nc7 11. Qc2 Bf6 12. Ne4 Qe7 13. Nxf6+ Qxf6 14. e3 Qe7 15.
Rfe1 Nd7 16. b4 Rac8 17. Rac1 c5 18. Ng5 Qxg5 19. Bxb7 Rcd8 20. Bg2 Nf6 21.
dxc5 dxc5 22. Bxf6 Qxf6 23. b5 Qe7 24. Bc6 Ne8 25. Bxe8 Rfxe8 1/2-1/2

[Event "Damhusmesterskabet Gruppe B 2010"]
[Site "Rodovre"]
[Date "2010.09.28"]
[Round "4"]
[White "Rohder, Bjarne"]
[Black "Lergren, Ole"]
[Result "0-1"]
[WhiteElo "1496"]
[BlackElo "1547"]
[PlyCount "88"]
[EventDate "2010.??.??"]

1. e4 c5 2. c3 Nc6 3. d4 e6 4. Nf3 d5 5. e5 f6 6. exf6 Nxf6 7. Bg5 Qb6 8. Bxf6
gxf6 9. b3 Bd7 10. Be2 O-O-O 11. Nbd2 cxd4 12. cxd4 Ba3 13. Qc2 Kb8 14. Rd1 Rc8
15. Nc4 dxc4 16. Bxc4 Qa5+ 17. Kf1 Nb4 18. Qe2 Nd5 19. Qd3 Nc3 20. Rd2 b5 21.
Rc2 bxc4 22. Qxc3 Qxc3 23. Rxc3 cxb3 24. Rxb3+ Ka8 25. Ke2 Rc2+ 26. Kd3 Rxa2
27. Rf1 Rb8 28. Kc4 Rc2+ 29. Kd3 Rxb3+ 30. Kxc2 Rb2+ 31. Kc3 a5 32. Nd2 Rb7 33.
Nb3 Bb4+ 34. Kb2 a4 35. Ra1 Kb8 36. Nc1 Bd6+ 37. Kc3 e5 38. Nd3 exd4+ 39. Kxd4
Bb5 40. Kd5 Rb6 41. Nc5 Be5 42. Nxa4 Rd6+ 43. Kc5 Bxa1 44. Kxd6 Bxa4 0-1

[Event "Damhusmesterskabet Gruppe B 2010"]
[Site "Rodovre"]
[Date "2010.09.28"]
[Round "4"]
[White "Henriksen, Franz"]
[Black "Bauers, Sten"]
[Result "0-1"]
[WhiteElo "1463"]
[BlackElo "1499"]
[PlyCount "100"]
[EventDate "2010.??.??"]

1. b3 c5 2. Bb2 Nc6 3. c4 e6 4. g3 d5 5. e3 Nf6 6. d3 g6 7. Bg2 Bg7 8. Ne2 O-O
9. Nd2 d4 10. exd4 Nxd4 11. Nxd4 cxd4 12. Nf3 e5 13. Nxe5 Re8 14. f4 Ng4 15.
O-O Bxe5 16. fxe5 Ne3 17. Qf3 Bf5 18. Qf4 Nxf1 19. Rxf1 Qd7 20. Bxd4 Bxd3 21.
Rd1 Bf5 22. Bd5 Be6 23. Be3 a6 24. Qh4 Bxd5 25. Rxd5 Qf5 26. Bf4 Qb1+ 27. Kf2
Qxa2+ 28. Rd2 Qa1 29. Re2 Qd4+ 30. Re3 Rad8 31. Qh6 Re6 32. Kg2 Rde8 33. Qg5 f6
34. Qh6 fxe5 35. Bg5 e4 36. Re1 Rf8 37. Be3 Qd3 38. Qh3 Ref6 39. Qg4 R8f7 40.
Bh6 Qf3+ 41. Qxf3 exf3+ 42. Kf2 Rd7 43. Bf4 Rd3 44. Re3 Rd2+ 45. Kxf3 g5 46.
Re8+ Kf7 47. Rb8 gxf4 48. Rxb7+ Kg6 49. h4 Rd3+ 50. Ke4 Rxg3 0-1

[Event "Damhusmesterskabet Gruppe B 2010"]
[Site "Rodovre"]
[Date "2010.09.28"]
[Round "4"]
[White "Nielsen, Niels Holger"]
[Black "Tutundjan, Hovhannes"]
[Result "1/2-1/2"]
[WhiteElo "1456"]
[BlackElo "1543"]
[PlyCount "101"]
[EventDate "2010.??.??"]

1. e4 c5 2. Nf3 d6 3. d4 cxd4 4. Nxd4 Nf6 5. Nc3 a6 6. Be2 e6 7. O-O Be7 8. Be3
Bd7 9. f4 Nc6 10. Kh1 b5 11. a3 Qc7 12. Nf3 O-O 13. Qd2 Rad8 14. Rad1 Ng4 15.
Bg1 f5 16. exf5 Rxf5 17. h3 Nh6 18. Bd3 Rff8 19. Nh2 Nf5 20. Ne2 Be8 21. c4 Qb7
22. cxb5 axb5 23. Bxf5 Rxf5 24. Nc3 Na5 25. Qc2 Bc6 26. Be3 Rdf8 27. Rde1 Bd7
28. Bc1 Rc8 29. Nf3 Bf6 30. Qd3 Be7 31. Kh2 Nb3 32. Be3 Nc5 33. Qe2 Nb3 34. Rd1
Nc5 35. Nd4 Rf6 36. Ndxb5 d5 37. Nd4 Rg6 38. Nf3 Bf6 39. Nd4 Bh4 40. b4 Na6 41.
Bd2 Bg3+ 42. Kh1 Bh4 43. Nf3 Bf6 44. Rc1 Nb8 45. Qe3 Rg3 46. Ne2 Rg6 47. Rxc8+
Bxc8 48. Rc1 Nc6 49. Qc5 Ne7 50. a4 Qa6 51. Nc3 1/2-1/2

[Event "Damhusmesterskabet Gruppe B 2010"]
[Site "Rodovre"]
[Date "2010.10.05"]
[Round "5"]
[White "Lergren, Ole"]
[Black "Sorensen, Poul Busk"]
[Result "1/2-1/2"]
[WhiteElo "1547"]
[BlackElo "1417"]
[PlyCount "44"]
[EventDate "2010.??.??"]

1. f4 d5 2. Nf3 c5 3. g3 Nc6 4. Bg2 Nf6 5. O-O Bf5 6. Nh4 Be4 7. Bxe4 Nxe4 8.
d3 Nf6 9. Re1 e6 10. Nd2 Be7 11. Nhf3 O-O 12. e4 dxe4 13. dxe4 Nd4 14. c3 Nxf3+
15. Qxf3 b5 16. Nb3 a5 17. Be3 Qc7 18. Rad1 a4 19. Nc1 Qc6 20. Bf2 c4 21. g4
Bc5 22. Bd4 Rad8 1/2-1/2

[Event "Damhusmesterskabet Gruppe B 2010"]
[Site "Rodovre"]
[Date "2010.10.05"]
[Round "5"]
[White "Tutundjan, Hovhannes"]
[Black "Rohder, Bjarne"]
[Result "1-0"]
[WhiteElo "1543"]
[BlackElo "1496"]
[PlyCount "65"]
[EventDate "2010.??.??"]

1. d4 d5 2. c4 c5 3. e3 Nf6 4. Nc3 Nc6 5. a3 e5 6. dxe5 Nxe5 7. cxd5 Nxd5 8.
Qxd5 Qxd5 9. Nxd5 Bd6 10. f4 Nc6 11. Nf3 O-O 12. Bc4 Bf5 13. Kf2 Na5 14. Ba2 c4
15. Bd2 Nb3 16. Bxb3 cxb3 17. Nd4 Bc2 18. Bb4 Rfd8 19. Bxd6 Rxd6 20. Nc3 a6 21.
Rac1 f6 22. Rhe1 g5 23. Nxc2 bxc2 24. Rxc2 Rc8 25. g3 a5 26. Ke2 b5 27. Rd2
Rxd2+ 28. Kxd2 b4 29. axb4 axb4 30. Ne4 Kg7 31. Rc1 Rd8+ 32. Ke2 gxf4 33. gxf4
1-0

[Event "Damhusmesterskabet Gruppe B 2010"]
[Site "Rodovre"]
[Date "2010.10.05"]
[Round "5"]
[White "Bauers, Sten"]
[Black "Nielsen, Niels Holger"]
[Result "1-0"]
[WhiteElo "1499"]
[BlackElo "1456"]
[PlyCount "73"]
[EventDate "2010.??.??"]

1. e4 e5 2. f4 exf4 3. Nf3 d6 4. d4 g5 5. Bc4 Bg7 6. h4 h6 7. O-O Be6 8. d5 Bd7
9. Qd3 g4 10. Ne1 f3 11. gxf3 Qf6 12. Nc3 Ne7 13. Be3 O-O 14. Ng2 gxf3 15. Rf2
Bg4 16. Nb5 Na6 17. Bd4 Qg6 18. Nf4 Qh7 19. Qe3 Rae8 20. Bxg7 Qxg7 21. Qd4 Qxd4
22. Nxd4 Nc5 23. Bd3 a6 24. Nxf3 Bxf3 25. Rxf3 Kh8 26. Kh2 Rg8 27. Kh3 Nd7 28.
Nh5 Ng6 29. Rxf7 Nge5 30. Rf5 Ref8 31. Raf1 Rxf5 32. exf5 Rf8 33. Be2 Nf6 34.
Nf4 Rf7 35. c4 Ne4 36. Bh5 Rf6 37. Ng6+ 1-0

[Event "Damhusmesterskabet Gruppe B 2010"]
[Site "Rodovre"]
[Date "2010.10.05"]
[Round "5"]
[White "Wisal, Zoran"]
[Black "Henriksen, Franz"]
[Result "0-1"]
[WhiteElo "1404"]
[BlackElo "1463"]
[PlyCount "82"]
[EventDate "2010.??.??"]

1. d4 d5 2. Nc3 Nf6 3. Nf3 Nc6 4. b3 Bf5 5. a3 a6 6. Bb2 b5 7. e3 e6 8. Ne2 h6
9. Ng3 Bh7 10. Be2 Bd6 11. Ne5 Ne7 12. O-O O-O 13. c4 bxc4 14. bxc4 dxc4 15.
Bxc4 Ne4 16. Nxe4 Bxe4 17. f3 Bb7 18. Qe2 Nf5 19. e4 Nh4 20. Rab1 c5 21. d5 f6
22. Ng4 e5 23. Bc1 Bc8 24. Bxh6 gxh6 25. Nxh6+ Kh7 26. Qf2 Ng6 27. Nf5 Rh8 28.
Qg3 Bxf5 29. exf5 Nf4 30. Rb7+ Be7 31. Qh4+ Kg7 32. Qg4+ Kf8 33. Rfb1 Rg8 34.
Qxg8+ Kxg8 35. d6+ Kh8 36. dxe7 Qd4+ 37. Kh1 Qxc4 38. g3 Nd5 39. Rb8+ Rxb8 40.
Rxb8+ Kg7 41. e8=Q Qf1# 0-1

[Event "Damhusmesterskabet Gruppe B 2010"]
[Site "Rodovre"]
[Date "2010.10.12"]
[Round "6"]
[White "Henriksen, Franz"]
[Black "Lergren, Ole"]
[Result "0-1"]
[WhiteElo "1463"]
[BlackElo "1547"]
[PlyCount "84"]
[EventDate "2010.??.??"]

1. f4 c5 2. e4 Nc6 3. Nf3 d6 4. Bc4 g6 5. O-O Bg7 6. c3 Nh6 7. Qb3 O-O 8. Ng5
Na5 9. Qa4 a6 10. Be2 b5 11. Qc2 f6 12. Nf3 Bb7 13. d4 f5 14. e5 cxd4 15. cxd4
Be4 16. Qd1 Rc8 17. Nc3 Ba8 18. Be3 Ng4 19. Bd2 Nc4 20. Qb3 Kh8 21. h3 Nxd2 22.
Nxd2 Ne3 23. Rf2 dxe5 24. dxe5 Nxg2 25. Nf1 Qb6 26. Nd5 Bxd5 27. Qxd5 Nxf4 28.
Qf3 Bxe5 29. Re1 Nxe2+ 30. Rexe2 Bd4 31. Ne3 e5 32. Nd5 Bxf2+ 33. Rxf2 Qd4 34.
Nc3 e4 35. Qf4 b4 36. Ne2 Qxb2 37. Qd6 Rcd8 38. Qc5 Rf7 39. Nf4 Qd4 40. Qa5 e3
41. Rf3 Qd1+ 42. Kg2 Rd2+ 0-1

[Event "Damhusmesterskabet Gruppe B 2010"]
[Site "Rodovre"]
[Date "2010.10.12"]
[Round "6"]
[White "Nielsen, Niels Holger"]
[Black "Wisal, Zoran"]
[Result "0-1"]
[WhiteElo "1456"]
[BlackElo "1404"]
[PlyCount "84"]
[EventDate "2010.??.??"]

1. d4 d5 2. c4 Nf6 3. Nc3 b6 4. g3 Bb7 5. Bg2 e6 6. b3 Bb4 7. Bb2 Ne4 8. Qc2
Qf6 9. f3 Bxc3+ 10. Bxc3 Nxc3 11. Qxc3 c5 12. e3 O-O 13. Ne2 dxc4 14. O-O cxb3
15. axb3 Nd7 16. dxc5 Qxc3 17. Nxc3 Nxc5 18. b4 Nd3 19. Rab1 a6 20. e4 Rab8 21.
Rfd1 Rfd8 22. Kf1 Ne5 23. Ke2 Nc6 24. Bf1 e5 25. Kf2 Rxd1 26. Nxd1 Rd8 27. Nc3
b5 28. Nd5 g6 29. g4 Kg7 30. h3 Nd4 31. Nc3 Rd7 32. Ke3 f5 33. gxf5 gxf5 34.
Bg2 Nc2+ 35. Ke2 f4 36. Na2 Rd4 37. Rb2 Ne3 38. Bf1 Nc4 39. Rc2 Rd7 40. Nc3 Ne3
41. Rb2 Nxf1 42. Kxf1 Rd3 0-1

[Event "Damhusmesterskabet Gruppe B 2010"]
[Site "Rodovre"]
[Date "2010.10.12"]
[Round "6"]
[White "Tutundjan, Hovhannes"]
[Black "Bauers, Sten"]
[Result "0-1"]
[WhiteElo "1543"]
[BlackElo "1499"]
[PlyCount "64"]
[EventDate "2010.??.??"]

1. d4 Nf6 2. c4 e5 3. dxe5 Ne4 4. g3 Bb4+ 5. Bd2 Nxd2 6. Nxd2 Nc6 7. f4 a5 8.
a3 Bc5 9. Nb3 Ba7 10. Nf3 d6 11. Qd2 Bf5 12. exd6 cxd6 13. Rd1 Qb6 14. Nbd4 O-O
15. e3 Be4 16. Kf2 Rad8 17. Nxc6 bxc6 18. Qd4 Rfe8 19. Bg2 Qc7 20. Qd2 Bxf3 21.
Kxf3 Rxe3+ 22. Kg4 Qd7+ 23. f5 g6 24. Rhf1 h5+ 25. Kg5 Qe7+ 26. Kh6 Re2 27. Qc3
Be3+ 28. Rf4 Bxf4+ 29. gxf4 f6 30. fxg6 Qg7+ 31. Kxh5 Rxg2 32. Qxa5 Qh8# 0-1

[Event "Damhusmesterskabet Gruppe B 2010"]
[Site "Rodovre"]
[Date "2010.10.12"]
[Round "6"]
[White "Rohder, Bjarne"]
[Black "Sorensen, Poul Busk"]
[Result "1/2-1/2"]
[WhiteElo "1496"]
[BlackElo "1417"]
[PlyCount "65"]
[EventDate "2010.??.??"]

1. d4 Nf6 2. c4 e6 3. Nc3 b6 4. e4 Bb4 5. Bg5 h6 6. Bxf6 Bxc3+ 7. bxc3 Qxf6 8.
Nf3 Bb7 9. Bd3 d6 10. Rc1 Nd7 11. Qe2 c5 12. d5 Ne5 13. Nxe5 Qxe5 14. O-O Qf6
15. f4 e5 16. fxe5 Qxe5 17. Rf5 Qe7 18. Rcf1 O-O 19. e5 g6 20. Qg4 dxe5 21. Be4
Rad8 22. Rf6 Rd6 23. Rxd6 Qxd6 24. Qh4 Kg7 25. Qg4 Bc8 26. Qd1 Qd7 27. Qd2 f5
28. Bf3 e4 29. Be2 Qd6 30. g3 Rf6 31. Kg2 Qe5 32. Qe3 Qd6 33. -- 1/2-1/2

[Event "Damhusmesterskabet Gruppe B 2010"]
[Site "Rodovre"]
[Date "2010.10.26"]
[Round "7"]
[White "Sorensen, Poul Busk"]
[Black "Henriksen, Franz"]
[Result "1-0"]
[WhiteElo "1417"]
[BlackElo "1463"]
[PlyCount "43"]
[EventDate "2010.??.??"]

1. d4 e6 2. e4 g6 3. Nc3 Bg7 4. Nf3 b6 5. Bg5 f6 6. Bh4 g5 7. Bg3 Ne7 8. e5 Ng6
9. exf6 Bxf6 10. Ne5 Bb7 11. Qh5 Bxe5 12. Bxe5 O-O 13. Bd3 Qe8 14. Qxg5 d6 15.
Bxg6 hxg6 16. Bg3 Bxg2 17. Rg1 Bf3 18. Qh6 Nc6 19. Bxd6 Rf6 20. Be5 Nxd4 21.
Bxf6 Nxc2+ 22. Kf1 1-0

[Event "Damhusmesterskabet Gruppe B 2010"]
[Site "Rodovre"]
[Date "2010.10.26"]
[Round "7"]
[White "Wisal, Zoran"]
[Black "Tutundjan, Hovhannes"]
[Result "1/2-1/2"]
[WhiteElo "1404"]
[BlackElo "1543"]
[PlyCount "83"]
[EventDate "2010.??.??"]

1. d4 d5 2. Nc3 e6 3. Nf3 Nc6 4. a3 a5 5. Bd2 Nf6 6. Bg5 Be7 7. Qd2 b6 8. Nb5
Ne4 9. Bxe7 Qxe7 10. Qf4 Kd8 11. Ne5 Nxe5 12. Qxe5 f6 13. Qf4 c6 14. f3 g5 15.
Qe3 Nd6 16. Nxd6 Qxd6 17. Qd2 Ba6 18. g3 Ke7 19. O-O-O c5 20. e4 dxe4 21. fxe4
cxd4 22. Qxd4 Qxd4 23. Rxd4 Bxf1 24. Rxf1 Rhd8 25. c3 Rac8 26. Kb1 Rd7 27. Rfd1
Rcd8 28. Kc2 h5 29. h3 Rxd4 30. Rxd4 Rxd4 31. cxd4 Kd6 32. Kd3 f5 33. b3 b5 34.
Ke3 Kc6 35. d5+ Kd6 36. dxe6 Kxe6 37. exf5+ Kxf5 38. Kd4 h4 39. gxh4 gxh4 40.
Ke3 b4 41. axb4 axb4 42. Kf3 1/2-1/2

[Event "Damhusmesterskabet Gruppe B 2010"]
[Site "Rodovre"]
[Date "2010.10.26"]
[Round "7"]
[White "Bauers, Sten"]
[Black "Rohder, Bjarne"]
[Result "1-0"]
[WhiteElo "1499"]
[BlackElo "1496"]
[PlyCount "75"]
[EventDate "2010.??.??"]

1. e4 c5 2. Nf3 Nc6 3. d4 cxd4 4. c3 d5 5. exd5 Qxd5 6. Be3 e5 7. cxd4 Bb4+ 8.
Nc3 exd4 9. Nxd4 Bxc3+ 10. bxc3 Nf6 11. Be2 O-O 12. O-O a6 13. Qc2 Nxd4 14.
Bxd4 Bf5 15. Qb2 Rfd8 16. Rad1 Qc6 17. Bxf6 Qxf6 18. Qxb7 Rdb8 19. Qd5 Be6 20.
Qa5 Rb2 21. Bf3 Rc8 22. a3 Bc4 23. Rfe1 Rb5 24. Qc7 Rbb8 25. Qe5 Rd8 26. Rxd8+
Qxd8 27. h4 g6 28. Rd1 Qc8 29. Bd5 Bxd5 30. Rxd5 Rb1+ 31. Kh2 Qb8 32. a4 Kf8
33. g3 Rb2 34. Kg2 Rb7 35. Qh8+ Ke7 36. Re5+ Kd7 37. Qf6 Qd6 38. Qxf7+ 1-0